[Event "Nis GM 2019"]
[Site "Nis"]
[Date "2019.12.03"]
[Round "4.5"]
[White "Zajic, Milan"]
[Black "Miljkovic, Miroslav D"]
[Result "1-0"]
[WhiteElo "2477"]
[BlackElo "2496"]
[Annotator "TA"]
[PlyCount "55"]
[EventDate "2019.11.30"]
[EventType "tourn"]
[EventCountry "SRB"]
[SourceTitle "playchess.com"]
[Source "ChessBase"]
[SourceQuality "1"]

{[%evp 20,55,8,6,38,45,23,2,0,0,50,33,35,50,53,6,33,27,28,27,38,29,3,0,81,87,108,83,507,489,806,822,29986,29987,29990,29988,29991,29992]} 1. e4 c5 2. Nf3 Nc6 3. d4 cxd4 4. Nxd4 Nf6 5. Nc3 e5 6. Ndb5 d6 7. Bg5 a6 8. Na3 b5 9. Nd5 Be7 10. Nxe7 Nxe7 11. Bd3 Bg4 {B33: Sicilian: Pelikan and Sveshnikov Variations} (11... d5 12. Bxf6 gxf6 13. exd5 Qxd5 14. Be2 Bb7 15. Qxd5 Nxd5 16. Bf3 O-O-O 17. c4 Nf4 18. Bxb7+ Kxb7 19. O-O b4 {1-0 (39) Ponkratov,P (2604)-Shomoev,A (2561) Khanty-Mansiysk 2015}) 12. f3 Be6 13. c3 $146 ({Predecessor:} 13. c4 Qb6 14. cxb5 O-O 15. Qe2 axb5 16. Be3 Qb8 17. O-O b4 18. Nc4 d5 19. exd5 Nexd5 {0-1 (31) Maucci,M (1879)-Benedetti,J (2290) Mar del Plata 2016}) 13... Ng6 {The position is equal.} 14. O-O Qb6+ 15. Kh1 h6 16. Bxf6 gxf6 17. Qd2 h5 18. Rfd1 h4 19. Bf1 Rd8 20. c4 Nf4 21. cxb5 Nh5 {[#]} (21... axb5 $11 {remains equal.} 22. Rac1 (22. Bxb5+ Kf8 $11) (22. Nxb5 Nh5 $17) 22... Kf8) 22. h3 $1 $16 Rg8 23. Rac1 $36 {[%mdl 2048] aiming for Rc6. White has strong initiative.} Bxh3 $2 {[%mdl 8192]} (23... d5 $16 {is a better chance.}) 24. Nc4 $18 {[%mdl 64] Double Attack} Qa7 (24... Qb8 $142) 25. Nxd6+ Rxd6 26. Qxd6 {[%csl Gd1][%cal Rd6d8] White mates.} Ng3+ {[#]} 27. Kh2 $1 {[%csl Gd1][%cal Rd6d8]} Nxf1+ 28. Kxh3 {Accuracy: White = 66%, Black = 40%.} 1-0

[Event "Nis GM 2019"]
[Site "Nis"]
[Date "2019.12.04"]
[Round "5.1"]
[White "Miljkovic, Miroslav D"]
[Black "Ivic, Velimir"]
[Result "1/2-1/2"]
[WhiteElo "2496"]
[BlackElo "2531"]
[Annotator "ChessBase"]
[PlyCount "202"]
[EventDate "2019.11.30"]
[EventType "tourn"]
[EventCountry "SRB"]
[SourceTitle "playchess.com"]
[Source "ChessBase"]
[SourceQuality "1"]
[TimeControl "40/5400+30:1800+30"]

1. d4 {[%emt 0:00:00]} Nf6 {[%emt 0:00:00]} 2. c4 {[%emt 0:00:00]} g6 {[%emt 0:00:00]} 3. Nc3 {[%emt 0:00:00]} d5 {[%emt 0:00:00]} 4. Nf3 {[%emt 0:01:17]} Bg7 {[%emt 0:00:00]} 5. cxd5 {[%emt 0:00:18]} Nxd5 {[%emt 0:00:05]} 6. e4 {[%emt 0:00:07]} Nxc3 {[%emt 0:00:04]} 7. bxc3 {[%emt 0:00:08]} c5 {[%emt 0:00:03]} 8. Be3 {[%emt 0:00:23]} Qa5 {[%emt 0:00:10]} 9. Qd2 {[%emt 0:00:19]} O-O {[%emt 0:00:17]} 10. Rc1 {[%emt 0:00:16]} Nd7 {[%emt 0:00:14]} 11. Be2 {[%emt 0:08:43]} Nf6 {[%emt 0:14:25]} 12. e5 {[%emt 0:09:02]} Ne4 {[%emt 0:08:11]} 13. Qb2 {[%emt 0:00:15]} cxd4 {[%emt 0:01:00]} 14. Bxd4 {[%emt 0:00:08]} b6 {[%emt 0:19:06]} 15. Qb4 {[%emt 0:11:35]} Qxb4 {[%emt 0:01:05]} 16. cxb4 {[%emt 0:00:06]} Be6 {[%emt 0:17:39]} 17. Ba6 {[%emt 0:03:05]} Rad8 {[%emt 0:02:29]} 18. Be3 {[%emt 0:12:29]} Bxa2 {[%emt 0:07:35]} 19. O-O {[%emt 0:08:28]} f5 {[%emt 0:05:03]} 20. Bf4 {[%emt 0:07:03]} e6 {[%emt 0:03:17]} 21. h4 {[%emt 0:01:42]} h6 {[%emt 0:00:30]} 22. Rc7 {[%emt 0:01:04]} Rf7 {[%emt 0:01:56]} 23. Rxf7 {[%emt 0:01:07]} Kxf7 {[%emt 0:00:03]} 24. Rc1 {[%emt 0:00:10]} Kg8 {[%emt 0:06:47]} 25. Be3 {[%emt 0:10:35]} Bb3 {[%emt 0:09:25]} 26. Be2 {[%emt 0:05:23]} Rf8 {[%emt 0:02:45]} 27. Rc7 {[%emt 0:08:53]} Rf7 {[%emt 0:00:02]} 28. Rc8+ {[%emt 0:00:17]} Rf8 {[%emt 0:00:02]} 29. Rc7 {[%emt 0:00:07]} Rf7 {[%emt 0:00:03]} 30. Rc8+ {[%emt 0:00:07]} Kh7 {[%emt 0:00:15]} 31. Bb5 {[%emt 0:04:25]} Re7 {[%emt 0:02:20]} 32. h5 {[%emt 0:01:21]} gxh5 {[%emt 0:00:25]} 33. Bf4 {[%emt 0:01:09]} a5 {[%emt 0:00:39]} 34. bxa5 {[%emt 0:02:28]} bxa5 {[%emt 0:00:01]} 35. Ra8 {[%emt 0:00:29]} Bd5 {[%emt 0:01:02]} 36. Rxa5 {[%emt 0:00:09]} Rb7 {[%emt 0:00:29]} 37. Nd4 {[%emt 0:01:32]} Bf8 {[%emt 0:00:27]} 38. Bd3 {[%emt 0:01:21]} Nc5 {[%emt 0:00:32]} 39. Bc2 {[%emt 0:00:49]} Kg8 {[%emt 0:00:30]} 40. Be3 {[%emt 0:00:00]} Rg7 {[%emt 0:00:00]} 41. f3 {[%emt 0:01:14]} Nb7 {[%emt 0:07:31]} 42. Ra8 {[%emt 0:04:54]} Nc5 {[%emt 0:07:06]} 43. Rc8 {[%emt 0:02:33]} Nd7 {[%emt 0:01:37]} 44. Bxh6 {[%emt 0:02:43]} Rh7 {[%emt 0:01:03]} 45. Ba4 {[%emt 0:03:24]} Rxh6 {[%emt 0:01:43]} 46. Bxd7 {[%emt 0:00:06]} h4 {[%emt 0:01:53]} 47. Kh2 {[%emt 0:01:06]} Rg6 {[%emt 0:02:34]} 48. Ne2 {[%emt 0:02:55]} Rg7 {[%emt 0:00:28]} 49. Rd8 {[%emt 0:03:39]} h3 {[%emt 0:05:25]} 50. gxh3 {[%emt 0:02:30]} Kf7 {[%emt 0:01:13]} 51. Nf4 {[%emt 0:01:56]} Ke7 {[%emt 0:02:41]} 52. Re8+ {[%emt 0:02:59]} Kxd7 {[%emt 0:00:08]} 53. Rxf8 {[%emt 0:00:05]} Bxf3 {[%emt 0:01:04]} 54. Rf6 {[%emt 0:00:58]} Bd5 {[%emt 0:02:09]} 55. Ng6 {[%emt 0:00:11]} Kc6 {[%emt 0:01:05]} 56. Kg3 {[%emt 0:02:43]} Kc5 {[%emt 0:00:01]} 57. h4 {[%emt 0:00:31]} Kd4 {[%emt 0:00:49]} 58. Kf4 {[%emt 0:00:21]} Ra7 {[%emt 0:00:38]} 59. Nf8 {[%emt 0:00:56]} Ra1 {[%emt 0:00:46]} 60. Nxe6+ {[%emt 0:01:04]} Bxe6 {[%emt 0:00:02]} 61. Rxe6 {[%emt 0:00:11]} Rf1+ {[%emt 0:00:10]} 62. Kg5 {[%emt 0:01:34]} f4 {[%emt 0:00:51]} 63. h5 {[%emt 0:00:12]} Ke4 {[%emt 0:00:55]} 64. Kf6 {[%emt 0:02:45]} Rh1 {[%emt 0:00:25]} 65. Kg6 {[%emt 0:00:59]} f3 {[%emt 0:00:28]} 66. Rf6 {[%emt 0:00:09]} Kxe5 {[%emt 0:00:25]} 67. Rxf3 {[%emt 0:00:04]} Rg1+ {[%emt 0:00:08]} 68. Kf7 {[%emt 0:00:54]} Rh1 {[%emt 0:00:36]} 69. Ra3 {[%emt 0:00:23]} Rf1+ {[%emt 0:00:23]} 70. Kg7 {[%emt 0:01:34]} Rg1+ {[%emt 0:00:05]} 71. Kh7 {[%emt 0:00:12]} Kf6 {[%emt 0:00:56]} 72. Ra7 {[%emt 0:00:11]} Rb1 {[%emt 0:01:01]} 73. Rg7 {[%emt 0:01:01]} Rh1 {[%emt 0:00:40]} 74. h6 {[%emt 0:00:37]} Rh2 {[%emt 0:00:10]} 75. Rg1 {[%emt 0:00:36]} Kf7 {[%emt 0:00:25]} 76. Rf1+ {[%emt 0:00:14]} Ke7 {[%emt 0:00:06]} 77. Kg7 {[%emt 0:01:10]} Rg2+ {[%emt 0:00:02]} 78. Kh7 {[%emt 0:00:32]} Ke8 {[%emt 0:00:55]} 79. Ra1 {[%emt 0:00:08]} Kf7 {[%emt 0:00:42]} 80. Ra7+ {[%emt 0:00:07]} Kf8 {[%emt 0:00:45]} 81. Rg7 {[%emt 0:00:12]} Rh2 {[%emt 0:00:31]} 82. Rg5 {[%emt 0:01:38]} Rh1 {[%emt 0:00:25]} 83. Rf5+ {[%emt 0:00:38]} Ke7 {[%emt 0:00:07]} 84. Kg7 {[%emt 0:00:18]} Rg1+ {[%emt 0:00:02]} 85. Kh8 {[%emt 0:00:05]} Rh1 {[%emt 0:00:37]} 86. h7 {[%emt 0:00:05]} Rg1 {[%emt 0:00:04]} 87. Ra5 {[%emt 0:00:13]} Kf7 {[%emt 0:00:14]} 88. Ra8 {[%emt 0:00:44]} Rg2 {[%emt 0:00:43]} 89. Rg8 {[%emt 0:00:08]} Rh2 {[%emt 0:00:21]} 90. Rg1 {[%emt 0:00:15]} Kf8 {[%emt 0:00:26]} 91. Rf1+ {[%emt 0:02:15]} Ke7 {[%emt 0:00:05]} 92. Kg7 {[%emt 0:00:06]} Rg2+ {[%emt 0:00:02]} 93. Kh6 {[%emt 0:00:10]} Rh2+ {[%emt 0:00:04]} 94. Kg6 {[%emt 0:00:02]} Rg2+ {[%emt 0:00:17]} 95. Kf5 {[%emt 0:00:03]} Rh2 {[%emt 0:00:05]} 96. Ra1 {[%emt 0:00:34]} Kf8 {[%emt 0:00:18]} 97. Ra7 {[%emt 0:01:42]} Rf2+ {[%emt 0:00:28]} 98. Kg4 {[%emt 0:00:09]} Rh2 {[%emt 0:00:04]} 99. h8=Q+ {[%emt 0:00:23]} Rxh8 {[%emt 0:00:02]} 100. Ra8+ {[%emt 0:00:05]} Kg7 {[%emt 0:00:11]} 101. Rxh8 Kxh8 1/2-1/2

[Event "Nis GM 2019"]
[Site "Nis"]
[Date "2019.12.04"]
[Round "5.2"]
[White "Djukic, Nikola"]
[Black "Zajic, Milan"]
[Result "1/2-1/2"]
[WhiteElo "2507"]
[BlackElo "2477"]
[Annotator "TA"]
[PlyCount "264"]
[EventDate "2019.11.30"]
[EventType "tourn"]
[EventCountry "SRB"]
[SourceTitle "playchess.com"]
[Source "ChessBase"]
[SourceQuality "1"]

{[%evp 33,264,17,25,25,39,22,35,31,35,41,41,8,25,0,0,0,43,12,12,13,18,10,7,8,31,26,19,11,12,10,10,10,16,18,28,28,21,21,21,26,29,22,29,29,39,32,32,30,55,55,55,55,55,55,55,55,55,55,39,40,45,22,96,55,79,40,40,31,31,18,30,30,39,20,40,40,173,175,174,172,172,164,169,152,170,143,144,130,145,138,130,128,128,125,89,72,77,77,70,47,37,54,47,15,60,25,86,85,80,73,73,76,68,5,5,5,12,0,0,0,0,0,0,0,0,0,45,0,0,0,0,0,0,0,0,0,0,0,0,0,0,0,0,0,0,0,0,0,0,0,0,0,0,0,0,0,0,0,0,0,0,0,0,0,0,0,0,0,0,0,0,0,0,0,0,0,0,0,0,0,0,0,0,0,0,0,0,0,0,0,0,0,0,0,0,0,0,0,0,0,0,0,0,0,0,0,0,0,0,0,0,0,0,0,0,0,0,0,0,0,0,0,0,0,0,0,0,0,0,0,0,0,0]} 1. e4 e5 2. Nf3 Nc6 3. Bb5 a6 4. Ba4 Nf6 5. O-O Be7 6. Re1 b5 7. Bb3 d6 8. c3 O-O 9. h3 Nb8 10. d4 Nbd7 11. Nbd2 {[%cal Bb1d2,Bd2f1,Bf1g3][%mdl 32]} Bb7 12. Bc2 Re8 13. Nf1 Bf8 14. Ng3 g6 15. a4 c5 16. d5 c4 17. Bg5 Bg7 18. Qd2 {C95: Closed Ruy Lopez: Breyer Variation with 10 d4} Rb8 (18... Nc5 19. Nh4 Qe7 20. Re2 Qf8 21. Rf1 Nfd7 22. Ngf5 gxf5 23. Nxf5 Bc8 24. f4 exf4 25. Qxf4 f6 {½-½ (48) Moussard,J (2595)-Feller,S (2577) Chartres 2019}) 19. Nh2 Qc7 20. Rf1 {White is slightly better.} Bc8 21. axb5 axb5 22. Ra3 $146 ({Predecessor:} 22. f4 h6 23. fxe5 hxg5 24. exf6 Nxf6 25. Qxg5 Nh7 {0-1 (71) Yilmaz,G (2223)-Selbes,T (2257) Gebze 2016}) 22... Qb6 23. b4 cxb3 $1 24. Rxb3 Qa5 25. Rfb1 Nc5 26. R3b2 Rb7 27. Nhf1 Bd7 28. c4 Qxd2 (28... Qa6 {keeps more tension.} 29. Be3 Reb8 30. Qc3 bxc4 31. Rxb7 Rxb7 32. Ra1 Qb6) 29. Nxd2 {[%cal Rc4b5]} Reb8 $1 30. cxb5 Bxb5 31. Bd1 Nfd7 32. Be3 h5 (32... Ba6 {is interesting.} 33. Rxb7 Rxb7 34. Rxb7 Bxb7 35. Nc4 Bf8) 33. Be2 {[%cal Rb2b5]} Bxe2 34. Rxb7 Rxb7 35. Rxb7 Nxb7 36. Nxe2 f5 37. f3 Kf7 38. Nc3 f4 39. Bf2 g5 40. Nc4 Nf6 41. Nb5 Ne8 42. Be1 Ke7 43. Bb4 Bf6 44. Kf2 Kd7 45. Nb6+ Kd8 46. Ke2 Be7 47. Kd3 Nf6 {[#]} (47... Nc7 $11 48. Nxc7 Kxc7) 48. Na7 $1 $16 g4 49. hxg4 hxg4 50. Nc6+ Ke8 $1 51. Nc4 gxf3 52. gxf3 Bf8 53. Na7 {And now Nb5 would win.} Nh7 54. Nb5 Ng5 (54... Kd7 $1 $14) 55. Ke2 $18 ({And not} 55. Ncxd6+ Bxd6 56. Bxd6 (56. Nxd6+ Nxd6 57. Bxd6 Nxf3 $11) 56... Nxd6 $11) ({Not} 55. Bxd6 Nxd6 56. Ncxd6+ (56. Nbxd6+ Bxd6 57. Nxd6+ Kd7 $11) 56... Bxd6 $11) (55. Nbxd6+ Bxd6 56. Nxd6+ Nxd6 $11) 55... Nf7 56. Kf2 Ke7 57. Kg2 Kf6 58. Kh3 Kg6 59. Nc7 Be7 60. Ne6 Kf6 61. Kg2 Kg6 62. Kf2 Bh4+ 63. Ke2 Kf6 64. Nf8 Kg7 {[#]} 65. Nd7 $1 Bd8 66. Kf2 Bc7 67. Kg2 Ng5 68. Be1 Nd8 69. Bh4 Ndf7 (69... Kg6 $11 {remains equal.}) 70. Na3 $16 Ba5 71. Nb5 Bb4 72. Nb8 Kg6 73. Nc6 ({White should play} 73. Bf2 $1 $14) 73... Bc5 $11 74. Ne7+ Kh5 75. Bf2 Nxf3 76. Kxf3 {Threatens to win with Bxc5.} Ng5+ 77. Kg2 {Bxc5 is the strong threat.} Bxf2 78. Kxf2 Nxe4+ 79. Kf3 Nf6 80. Nxd6 e4+ {The position is equal.} 81. Nxe4 (81. Kf2 {feels hotter.} e3+ 82. Ke1 Kg4 83. Nc4 Nxd5 84. Ne5+) 81... Nxd5 $1 82. Nxd5 Kg6 83. Kg4 f3 84. Nf2 Kf7 85. Kf5 Kg7 86. Ne7 Kf7 87. Nc6 Kg7 88. Ne5 Kf8 89. Ke6 Ke8 90. Nf7 Kf8 91. Nd6 Kg7 92. Kf5 Kh6 93. Kf6 Kh5 94. Nde4 Kh4 95. Kf5 (95. Ke5 {seems wilder.}) 95... Kh5 96. Nc5 Kh4 97. Ncd3 Kh5 98. Kf6 Kh4 99. Kg6 Kg3 100. Kg5 Kg2 101. Kf4 Kf1 102. Ke3 Kg2 103. Nc5 Kg3 104. Nce4+ Kh4 105. Kf4 Kh5 106. Kf5 Kh4 107. Ke5 Kh5 108. Kf6 Kh4 109. Kf5 Kh5 110. Nd2 Kh6 111. Kf6 Kh5 112. Nf1 Kh4 113. Kf5 Kh5 114. Kf6 Kh4 115. Kf5 Kh5 116. Nd2 Kh6 117. Kf6 Kh5 118. Nxf3 Kh6 119. Ne5 Kh5 120. Ng6 Kh6 121. Nf4 Kh7 122. Kf7 Kh6 123. Ne4 Kh7 124. Nh5 Kh6 125. Ng7 Kh7 126. Nf5 Kh8 127. Ke7 Kh7 128. Kf6 Kg8 129. Ng5 Kf8 130. Ng7 Kg8 131. N7e6 Kh8 132. Nf7+ Kg8 {Accuracy: White = 58%, Black = 55%.} 1/2-1/2

[Event "Nis GM 2019"]
[Site "Nis"]
[Date "2019.12.04"]
[Round "5.3"]
[White "Radovanovic, Mihajlo"]
[Black "Dimitrov, Radoslav"]
[Result "0-1"]
[WhiteElo "2479"]
[BlackElo "2515"]
[Annotator "ChessBase"]
[PlyCount "70"]
[EventDate "2019.11.30"]
[EventType "tourn"]
[EventCountry "SRB"]
[SourceTitle "playchess.com"]
[Source "ChessBase"]
[SourceQuality "1"]
[TimeControl "40/5400+30:1800+30"]

1. d4 {[%emt 0:00:00]} g6 {[%emt 0:00:58]} 2. e4 {[%emt 0:01:46]} Bg7 {[%emt 0:00:06]} 3. c4 {[%emt 0:00:21]} c5 {[%emt 0:00:14]} 4. Nf3 {[%emt 0:00:54]} Nc6 {[%emt 0:00:08]} 5. d5 {[%emt 0:00:24]} Nd4 {[%emt 0:00:02]} 6. Nxd4 {[%emt 0:00:13]} cxd4 {[%emt 0:00:07]} 7. Na3 {[%emt 0:22:51]} d6 {[%emt 0:02:13]} 8. Nc2 {[%emt 0:00:09]} Qb6 {[%emt 0:00:22]} 9. Bd3 {[%emt 0:00:47]} Nf6 {[%emt 0:00:34]} 10. O-O {[%emt 0:00:17]} O-O {[%emt 0:01:15]} 11. b4 {[%emt 0:04:34]} a5 {[%emt 0:00:31]} 12. Bb2 {[%emt 0:00:33]} Nd7 {[%emt 0:07:11]} 13. a3 {[%emt 0:00:47]} e5 {[%emt 0:00:16]} 14. dxe6 {[%emt 0:05:21]} fxe6 {[%emt 0:00:01]} 15. Rb1 {[%emt 0:00:49]} e5 {[%emt 0:01:09]} 16. Bc1 {[%emt 0:03:22]} Qc7 {[%emt 0:01:17]} 17. Bd2 {[%emt 0:12:04]} Nb6 {[%emt 0:02:35]} 18. c5 {[%emt 0:07:32]} dxc5 {[%emt 0:00:17]} 19. bxa5 {[%emt 0:00:04]} Nd7 {[%emt 0:01:49]} 20. Bc4+ {[%emt 0:01:27]} Kh8 {[%emt 0:00:02]} 21. Ne1 {[%emt 0:00:47]} b6 {[%emt 0:00:39]} 22. Nd3 {[%emt 0:04:49]} bxa5 {[%emt 0:00:35]} 23. Bd5 {[%emt 0:02:07]} Ba6 {[%emt 0:00:29]} 24. Qc2 {[%emt 0:02:38]} c4 {[%emt 0:01:43]} 25. Bxa8 {[%emt 0:04:16]} Rxa8 {[%emt 0:00:03]} 26. Rfc1 {[%emt 0:01:30]} Rc8 {[%emt 0:03:59]} 27. Be1 {[%emt 0:07:56]} Qd8 {[%emt 0:03:32]} 28. Nb2 {[%emt 0:02:32]} c3 {[%emt 0:07:09]} 29. Nd3 {[%emt 0:02:36]} Nc5 {[%emt 0:03:26]} 30. Nxc5 {[%emt 0:00:11]} Rxc5 {[%emt 0:00:01]} 31. Rd1 {[%emt 0:03:36]} Qc8 {[%emt 0:00:06]} 32. Rb6 {[%emt 0:01:55]} Bh6 {[%emt 0:05:03]} 33. Rdb1 {[%emt 0:03:33]} d3 {[%emt 0:02:09]} 34. Qb3 {[%emt 0:00:38]} c2 {[%emt 0:00:29]} 35. Rb8 {[%emt 0:00:04]} cxb1=Q {[%emt 0:00:22]} 0-1

[Event "Nis GM 2019"]
[Site "Nis"]
[Date "2019.12.04"]
[Round "5.4"]
[White "Nikolaidis, Ioannis"]
[Black "Perunovic, Miodrag"]
[Result "1/2-1/2"]
[WhiteElo "2531"]
[BlackElo "2433"]
[Annotator "TA"]
[PlyCount "24"]
[EventDate "2019.11.30"]
[EventType "tourn"]
[EventCountry "SRB"]
[SourceTitle "playchess.com"]
[Source "ChessBase"]
[SourceQuality "1"]

{[%evp 16,24,22,32,20,-3,-4,-11,-4,-31,-16]} 1. Nf3 Nf6 2. c4 e6 3. g3 d5 4. Bg2 Be7 5. O-O O-O 6. b3 a5 7. Nc3 c6 8. d4 b6 9. Bb2 Ba6 {A14: English Opening: 1...e6 with b3 by White} 10. cxd5 (10. Rc1 Nbd7 11. Re1 b5 12. Ne5 Rc8 13. Rc2 Nxe5 14. dxe5 Nd7 15. cxb5 cxb5 16. e4 d4 17. Ne2 {½-½ (47) Pantsulaia,L (2583)-Sadorra,J (2575) Quezon City 2014}) 10... cxd5 11. Rc1 Ra7 $146 ({Predecessor:} 11... Nbd7 12. Ne5 Rc8 13. Re1 b5 14. Nxd7 Qxd7 15. e3 Rc7 16. Qd3 Ra8 17. Ne2 {0-1 (39) Siebrecht,S (2394)-Pashikian,A (2475) Moscow 2006}) 12. Re1 Rc7 1/2-1/2

[Event "Nis GM 2019"]
[Site "Nis"]
[Date "2019.12.04"]
[Round "5.5"]
[White "Maksimovic, Branimir"]
[Black "Svetushkin, Dmitry"]
[Result "1/2-1/2"]
[WhiteElo "2320"]
[BlackElo "2547"]
[Annotator "TA"]
[PlyCount "28"]
[EventDate "2019.11.30"]
[EventType "tourn"]
[EventCountry "SRB"]
[SourceTitle "playchess.com"]
[Source "ChessBase"]
[SourceQuality "1"]

{[%evp 12,28,12,7,8,10,17,16,18,10,31,22,35,34,43,37,42,33,60]} 1. e4 c6 2. d4 d5 3. exd5 cxd5 4. Bd3 Nc6 5. c3 Nf6 6. h3 g6 7. Bf4 Bf5 {B13: Caro-Kann: Exchange Variation and Panov-Botvinnik Attack} 8. Be2 Bg7 9. Nf3 O-O {The position is equal.} 10. Nbd2 Ne4 11. O-O Nxd2 $146 ({Predecessor:} 11... f6 12. Nxe4 Bxe4 13. Nd2 Bf5 14. Bg3 e5 15. dxe5 fxe5 {1-0 (54) Ding,L (2805)-Navara,D (2734) Prague 2019}) 12. Qxd2 {White is slightly better.} Rc8 13. Rfe1 a6 14. Bh6 Qd7 1/2-1/2

[Event "Nis GM 2019"]
[Site "Nis"]
[Date "2019.12.05"]
[Round "6.1"]
[White "Ivic, Velimir"]
[Black "Svetushkin, Dmitry"]
[Result "1-0"]
[WhiteElo "2531"]
[BlackElo "2547"]
[Annotator "ChessBase"]
[PlyCount "31"]
[EventDate "2019.11.30"]
[EventType "tourn"]
[EventCountry "SRB"]
[SourceTitle "playchess.com"]
[Source "ChessBase"]
[SourceQuality "1"]
[TimeControl "40/5400+30:1800+30"]

1. e4 {[%emt 0:00:00]} c6 {[%emt 0:00:00]} 2. d4 {[%emt 0:00:00]} d5 {[%emt 0:00:04]} 3. e5 {[%emt 0:00:00]} Bf5 {[%emt 0:00:25]} 4. h4 {[%emt 0:00:01]} h6 {[%emt 0:00:28]} 5. g4 {[%emt 0:00:23]} Bd7 {[%emt 0:00:08]} 6. Be3 {[%emt 0:00:53]} Qc8 {[%emt 0:03:14]} 7. Be2 {[%emt 0:00:05]} h5 {[%emt 0:00:08]} 8. gxh5 {[%emt 0:02:12]} Nh6 {[%emt 0:00:26]} 9. Nd2 {[%emt 0:15:40]} Ng4 {[%emt 0:00:42]} 10. Bf4 {[%emt 0:07:16]} Rxh5 {[%emt 0:01:34]} 11. c4 {[%emt 0:06:10]} Rh8 {[%emt 0:01:33]} 12. cxd5 {[%emt 0:04:58]} cxd5 {[%emt 0:05:34]} 13. Rc1 {[%emt 0:00:36]} Nc6 {[%emt 0:01:03]} 14. b4 {[%emt 0:01:41]} a6 {[%emt 0:01:47]} 15. a4 {[%emt 0:00:08]} b5 {[%emt 0:04:44]} 16. axb5 {[%emt 0:05:04]} 1-0

[Event "Nis GM 2019"]
[Site "Nis"]
[Date "2019.12.05"]
[Round "6.2"]
[White "Perunovic, Miodrag"]
[Black "Maksimovic, Branimir"]
[Result "1-0"]
[WhiteElo "2433"]
[BlackElo "2320"]
[Annotator "NA"]
[PlyCount "65"]
[EventDate "2019.11.30"]
[EventType "tourn"]
[EventCountry "SRB"]
[SourceTitle "playchess.com"]
[Source "ChessBase"]
[SourceQuality "1"]
[TimeControl "40/5400+30:1800+30"]

1. d4 {[%emt 0:07:16]} Nf6 {[%emt 0:00:30]} 2. c4 {[%emt 0:00:08]} c5 {[%emt 0:01:15]} 3. d5 {[%emt 0:00:09]} b5 {[%emt 0:00:04]} 4. Nd2 {[%emt 0:00:22]} g6 {[%emt 0:04:12]} 5. e4 {[%emt 0:01:18]} d6 {[%emt 0:00:05]} 6. b3 {[%emt 0:04:22]} Bg7 {[%emt 0:00:11]} 7. Bb2 {[%emt 0:00:09]} O-O {[%emt 0:03:58]} 8. Ngf3 {[%emt 0:08:05]} e6 {[%emt 0:07:24]} 9. Bd3 {[%emt 0:08:18]} bxc4 {[%emt 0:06:46]} 10. bxc4 {[%emt 0:00:12]} e5 {[%emt 0:08:01]} 11. O-O {[%emt 0:00:11]} Nbd7 {[%emt 0:01:14]} 12. Nb3 {[%emt 0:00:48]} Nh5 {[%emt 0:01:25]} 13. Re1 {[%emt 0:00:23]} Ndf6 {[%emt 0:04:14]} 14. Bc3 {[%emt 0:01:33]} a5 {[%emt 0:01:38]} 15. a4 {[%emt 0:05:13]} Bg4 {[%emt 0:00:33]} 16. h3 {[%emt 0:03:08]} Bxf3 {[%emt 0:00:29]} 17. Qxf3 {[%emt 0:00:02]} Nf4 {[%emt 0:01:07]} 18. Bf1 {[%emt 0:03:04]} g5 {[%emt 0:00:17]} 19. g3 {[%emt 0:02:10]} Ng6 {[%emt 0:00:05]} 20. Bd2 {[%emt 0:01:53]} Ne8 {[%emt 0:01:41]} 21. Qc3 {[%emt 0:02:20]} f5 {[%emt 0:00:24]} 22. Nxa5 {[%emt 0:02:42]} fxe4 {[%emt 0:00:47]} 23. Nc6 {[%emt 0:01:34]} Qf6 {[%emt 0:00:09]} 24. Be3 {[%emt 0:00:11]} Nf4 {[%emt 0:00:31]} 25. Qc2 {[%emt 0:06:44]} Qh6 {[%emt 0:05:40]} 26. Qxe4 {[%emt 0:04:58]} Nxh3+ {[%emt 0:05:14]} 27. Bxh3 {[%emt 0:00:10]} Qxh3 {[%emt 0:00:06]} 28. Bxg5 {[%emt 0:00:46]} Nf6 {[%emt 0:01:29]} 29. Qh4 {[%emt 0:02:44]} Qd7 {[%emt 0:01:39]} 30. a5 {[%emt 0:06:57]} e4 {[%emt 0:02:08]} 31. Ra2 {[%emt 0:02:48]} Rf7 {[%emt 0:00:21]} 32. a6 {[%emt 0:05:30]} Ng4 {[%emt 0:02:29]} 33. Rxe4 {[%emt 0:01:55]} 1-0

[Event "Nis GM 2019"]
[Site "Nis"]
[Date "2019.12.05"]
[Round "6.3"]
[White "Dimitrov, Radoslav"]
[Black "Nikolaidis, Ioannis"]
[Result "1/2-1/2"]
[WhiteElo "2515"]
[BlackElo "2531"]
[Annotator "ChessBase"]
[PlyCount "97"]
[EventDate "2019.11.30"]
[EventType "tourn"]
[EventCountry "SRB"]
[SourceTitle "playchess.com"]
[Source "ChessBase"]
[SourceQuality "1"]
[TimeControl "40/5400+30:1800+30"]

1. c4 {[%emt 0:00:00]} e6 {[%emt 0:01:03]} 2. Nc3 {[%emt 0:00:00]} d5 {[%emt 0:00:28]} 3. cxd5 {[%emt 0:00:00]} exd5 {[%emt 0:00:09]} 4. d4 {[%emt 0:00:01]} c6 {[%emt 0:00:45]} 5. Bf4 {[%emt 0:01:24]} Bd6 {[%emt 0:00:35]} 6. Bg3 {[%emt 0:02:02]} Nf6 {[%emt 0:05:14]} 7. Qc2 {[%emt 0:01:13]} g6 {[%emt 0:06:06]} 8. e3 {[%emt 0:00:50]} Bf5 {[%emt 0:00:17]} 9. Bd3 {[%emt 0:00:02]} Bxd3 {[%emt 0:00:09]} 10. Qxd3 {[%emt 0:00:04]} O-O {[%emt 0:01:26]} 11. Nge2 {[%emt 0:00:41]} Re8 {[%emt 0:01:51]} 12. Bh4 {[%emt 0:06:03]} Nbd7 {[%emt 0:01:23]} 13. f3 {[%emt 0:04:30]} Be7 {[%emt 0:03:30]} 14. O-O {[%emt 0:01:14]} Nf8 {[%emt 0:00:32]} 15. Rad1 {[%emt 0:03:32]} Ne6 {[%emt 0:01:09]} 16. e4 {[%emt 0:03:43]} Nh5 {[%emt 0:01:01]} 17. Bxe7 {[%emt 0:00:30]} Qxe7 {[%emt 0:01:59]} 18. e5 {[%emt 0:01:30]} f6 {[%emt 0:05:18]} 19. f4 {[%emt 0:02:37]} fxe5 {[%emt 0:06:08]} 20. dxe5 {[%emt 0:00:14]} Rf8 {[%emt 0:03:03]} 21. Qe3 {[%emt 0:03:51]} Nhg7 {[%emt 0:12:14]} 22. g4 {[%emt 0:03:02]} h5 {[%emt 0:04:09]} 23. Qd3 {[%emt 0:01:52]} Qh4 {[%emt 0:06:03]} 24. h3 {[%emt 0:02:41]} hxg4 {[%emt 0:06:38]} 25. Qxg6 {[%emt 0:00:03]} Qxh3 {[%emt 0:10:38]} 26. f5 {[%emt 0:01:08]} Qe3+ {[%emt 0:00:29]} 27. Kg2 {[%emt 0:02:43]} Qh3+ {[%emt 0:04:17]} 28. Kg1 {[%emt 0:00:04]} Qe3+ {[%emt 0:00:32]} 29. Kg2 {[%emt 0:00:02]} Qg5 {[%emt 0:06:21]} 30. Qxg5 {[%emt 0:01:56]} Nxg5 {[%emt 0:00:02]} 31. f6 {[%emt 0:04:52]} N7e6 {[%emt 0:00:39]} 32. Ng3 {[%emt 0:01:53]} Kf7 {[%emt 0:03:32]} 33. Nf5 {[%emt 0:02:14]} Rh8 {[%emt 0:00:51]} 34. Rh1 {[%emt 0:05:50]} Nh3 {[%emt 0:02:46]} 35. Nd6+ {[%emt 0:01:17]} Kg6 {[%emt 0:00:06]} 36. Kg3 {[%emt 0:03:11]} Rh5 {[%emt 0:00:28]} 37. Rde1 {[%emt 0:00:45]} Rah8 {[%emt 0:02:09]} 38. Nd1 {[%emt 0:06:40]} b6 {[%emt 0:02:16]} 39. b4 {[%emt 0:07:06]} a5 {[%emt 0:01:00]} 40. b5 {[%emt 0:00:00]} c5 {[%emt 0:00:00]} 41. Ne3 {[%emt 0:08:55]} Rxe5 {[%emt 0:04:02]} 42. f7 {[%emt 0:07:42]} Nf8 {[%emt 0:11:15]} 43. Nxg4 {[%emt 0:05:57]} Rxe1 {[%emt 0:00:03]} 44. Rxe1 {[%emt 0:00:10]} Ng5 {[%emt 0:00:06]} 45. Ne5+ {[%emt 0:05:30]} Kf6 {[%emt 0:00:28]} 46. Ne8+ {[%emt 0:01:00]} Kf5 {[%emt 0:00:55]} 47. Ng7+ {[%emt 0:00:45]} Kf6 {[%emt 0:00:12]} 48. Ne8+ {[%emt 0:00:06]} Kf5 {[%emt 0:00:07]} 49. Ng7+ {[%emt 0:00:26] Kxe5} 1/2-1/2